UBT Library

Proceedings : (Record no. 391)

000 -LEADER
fixed length control field 00559nam a22001697a 4500
008 - FIXED-LENGTH DATA ELEMENTS--GENERAL INFORMATION
fixed length control field 131205b xxu||||| |||| 00| 0 eng d
020 ## - INTERNATIONAL STANDARD BOOK NUMBER
International Standard Book Number 9989113440
041 0# - LANGUAGE CODE
Language code of text/sound track or separate title eng
080 ## - UNIVERSAL DECIMAL CLASSIFICATION NUMBER
Universal Decimal Classification number 341.17
-- 316.658
Common auxiliary subdivision (063)
245 10 - TITLE STATEMENT
Title Proceedings :
Statement of responsibility, etc Editor in Chief: Biljana Sekulovska-Gaber.
260 ## -
-- Shkup :
-- Faculty of Economics,
-- 2006.
300 ## -
-- 368 f. :
-- me il. ;
-- 24 cm.
650 #0 -
-- Edukimi
650 #0 -
-- Evropë
700 ## -
-- Tempus ;
942 ## - ADDED ENTRY ELEMENTS (KOHA)
Source of classification or shelving scheme
Item type Books
Holdings
Withdrawn status Lost status Source of classification or shelving scheme Damaged status Not for loan Collection code Permanent location Current location Shelving location Date acquired Total Checkouts Full call number Barcode Date last seen Koha item type
          Koleksioni i përgjithshem UBT - Prishtine UBT - Prishtine Koleksioni i përgjithshem 12/05/2013   341.17 316.658 (063) CON 001-000527 12/05/2013 Books
UBT Library © 2015-2024. All rights reserved University Education for Business and Technology